000 00302nam a22001337a 4500
008 181218b xxu||||| |||| 00| 0 eng d
020 _a0721682588
041 _aeng
080 _a616.8
100 _a7
101 _aDER
245 _aAdvanced Dermatologic Therapy II
_cShelley, W.B
942 _2udc
_cBK
999 _c53400
_d53400